00577nam a22001697a 450000500170000001000150001702000260003203500140005803700130007208200110008524500640009625000060016026000570016627001050022330000270032850000520035520240212144552.0 aENG-139187 c750.00a9789354499173 aEN-122719 bDBAD/PUB a00025 aComplete Manual for IIM Integrated Programme in Management/ a5 aUttar PradeshbPearson India Education Pvt Ltdc2022 bUttar Pradesha15th FLoor, Tower-B, World Trade Tower, Plot No.1, Block- C, Sector-16, Noidae201301 a\vpp.c25cm(pb)bIndex aAlso Useful for Major BBA Entrance Examinations